[Event "EGY-chT"]
[Site "Egypt"]
[Date "2016.05.10"]
[Round "6.5"]
[White "Ibrahim, Hatim"]
[Black "Roshdy, Mahmoud"]
[Result "1-0"]
[WhiteElo "2331"]
[BlackElo "2134"]
[PlyCount "77"]
[EventDate "2016.05.05"]
[EventType "team-tourn"]
[EventRounds "9"]
[EventCountry "EGY"]
[SourceTitle "CBM 172 Extra"]
[Source "ChessBase"]
[SourceDate "2016.06.21"]
[SourceVersion "1"]
[SourceVersionDate "2016.06.21"]
[SourceQuality "1"]
[WhiteTeam "Elhawar"]
[BlackTeam "Hawamdia"]
[WhiteTeamCountry "EGY"]
[BlackTeamCountry "EGY"]

1. c4 e6 2. Nc3 Nf6 3. e4 e5 4. Nf3 Nc6 5. d4 exd4 6. Nxd4 Bb4 7. Nxc6 Bxc3+ 8. bxc3 dxc6 9. Qxd8+ Kxd8 10. f3 Nd7 11. Bf4 a5 12. 0-0-0 c5 13. g3 Ra6 14. h4 Rc6 15. h5 h6 16. g4 Ke7 17. Bg3 f6 18. f4 Nb6 19. f5 Nd7 20. Rd5 Re8 21. Bd3 Kf7 22. Bc2 Nb6 23. e5 fxe5 24. Rxe5 Rxe5 25. Bxe5 Nd7 26. Bf4 Nf6 27. Rg1 Ra6 28. Bxc7 Bd7 29. Kd2 Bc6 30. Ke3 Ra8 31. Kf4 Re8 32. Be5 Nd7 33. Bc7 Re2 34. Bb1 Rf2+ 35. Kg3 Rf3+ 36. Kh4 Rxc3 37. f6 Kxf6 38. Re1 Nf8 39. Be5+ 1-0

[Event "Cairo Egyptian op"]
[Site "Cairo"]
[Date "2015.11.23"]
[Round "10"]
[White "Roshdy, Mahmoud"]
[Black "Yousry, Salah"]
[Result "1-0"]
[WhiteElo "2068"]
[BlackElo "2261"]
[PlyCount "105"]
[EventDate "2015.11.15"]
[EventType "swiss"]
[EventRounds "11"]
[EventCountry "EGY"]
[SourceTitle "EXT 2017"]
[Source "ChessBase"]
[SourceDate "2016.10.25"]
[SourceVersion "1"]
[SourceVersionDate "2016.10.25"]
[SourceQuality "1"]

1. e4 c5 2. Nf3 Nc6 3. d4 cxd4 4. Nxd4 Nf6 5. Nc3 e5 6. Ndb5 d6 7. Bg5 a6 8. Na3 b5 9. Bxf6 gxf6 10. Nd5 f5 11. Bd3 Be6 12. c3 Bg7 13. Nxb5 axb5 14. Bxb5 Bd7 15. exf5 0-0 16. 0-0 Kh8 17. a4 Nb8 18. Qf3 Qg5 19. f6 Bh6 20. Bd3 Qg4 21. Qxg4 Bxg4 22. a5 Nd7 23. a6 Nc5 24. Bc4 Rg8 25. Kh1 Be6 26. a7 Nd7 27. Rfd1 Rgc8 28. Bb5 Bxd5 29. Rxd5 Rc7 30. Bxd7 Rxd7 31. Rb5 Rdd8 32. Rb7 Kg8 33. Ra4 Rf8 34. h4 Rfd8 35. Rab4 Rf8 36. g4 d5 37. g5 Bg7 38. h5 d4 39. cxd4 exd4 40. Rxd4 Rfc8 41. fxg7 h6 42. g6 Kxg7 43. Rxf7+ Kg8 44. Rfd7 Re8 45. b4 Rac8 46. b5 Rc5 47. R4d5 Rc1+ 48. Kg2 Rf8 49. Rd8 Kg7 50. R5d7+ Kf6 51. Rxf8+ Kg5 52. Rd5+ Kg4 53. f3+ 1-0